All Bus Stops on London Bus Route 67 - Statistics

General Stats
  • This quiz has been taken 8 times
  • The average score is 17 of 38
Answer Stats
Answer % Correct
Dalston Junction Station
100%
Forest Road
100%
Wood Green Station
100%
Abbotsford Avenue
50%
Brampton Park Road
50%
Brooke Road
50%
Chestnuts Primary School
50%
Coleraine Road
50%
Dalston Kingsland Station
50%
Egerton Road
50%
Howard Road
50%
Kingsland High Street
50%
La Rose Lane
50%
Lordship Lane
50%
Lynmouth Road
50%
Manse Road
50%
Northwold Road / Stoke Newington Common
50%
Princess May Road
50%
Rectory Road / Brooke Road
50%
Rio Cinema
50%
Shacklewell Lane
50%
Stamford Hill Broadway
50%
Stamford Hill Library
50%
Stanley Road
50%
St Ann's Hospital
50%
St Ann's Road
50%
Stoke Newington Station
50%
Turnpike Lane Station
50%
West Green Primary School
50%
Willow Walk
50%
Amhurst Road
0%
Cornwall Road
0%
Ermine Road / St Ignatius Church
0%
Seven Sisters Road / Kerswell Close
0%
Seven Sisters Road / Plevna Crescent
0%
Stoke Newington Church Street
0%
Stoke Newington Police Station
0%
Stoke Newington Road / Amhurst Road
0%
No matching quizzes found
Score Distribution
Percent of People with Each Score
Percentile by Number Answered
Your Score History
You have not taken this quiz